Dictionnaire de didactique (Record no. 4054)
[ view plain ]
| 000 -LEADER | |
|---|---|
| fixed length control field | 01261nam a2200253 4500 |
| 008 - FIXED-LENGTH DATA ELEMENTS--GENERAL INFORMATION | |
| fixed length control field | s2007 le fre u |
| 040 ## - CATALOGING SOURCE | |
| Original cataloging agency | LB-BrCRDP |
| 082 1# - DEWEY DECIMAL CLASSIFICATION NUMBER | |
| Classification number | 370.3 |
| Item number | DIC |
| 100 1# - MAIN ENTRY--PERSONAL NAME | |
| Personal name | Abboud Zakaria, Norma |
| 245 10 - TITLE STATEMENT | |
| Title | Dictionnaire de didactique |
| Remainder of title | Concepts-clés à l'usage des enseignants |
| Statement of responsibility, etc. | Norma Abboud Zakaria |
| 260 ## - PUBLICATION, DISTRIBUTION, ETC. | |
| Place of publication, distribution, etc. | Beyrouth |
| Name of publisher, distributor, etc. | Zakaria |
| Date of publication, distribution, etc. | 2007 |
| 300 ## - PHYSICAL DESCRIPTION | |
| Extent | 494 p. |
| Dimensions | 25 cm |
| 500 ## - GENERAL NOTE | |
| General note | Bibliographie sélective. |
| 520 ## - SUMMARY, ETC. | |
| Summary, etc. | Les recherches effectuées dans les domaines des sciences de l'Education et des sciences du langage ont contribué à l'émergence d'une nouvelle vision de ces sciences en perpétuelle évolution. Elles ont démontré la nécessité de mettre à jour quelques concepts anciens et d'expliciter plusieurs concepts nouveaux, et ceci pour accompagner le changement et munir les éducateurs d'outils appropriés faces aux néologismes intégrés, depuis tant d'années , dans le lexique en usage dans les sciences de l'éducation. |
| 650 4# - SUBJECT ADDED ENTRY--TOPICAL TERM | |
| Topical term or geographic name entry element | Pédagogie |
| 650 4# - SUBJECT ADDED ENTRY--TOPICAL TERM | |
| Topical term or geographic name entry element | Linguistique |
| 650 4# - SUBJECT ADDED ENTRY--TOPICAL TERM | |
| Topical term or geographic name entry element | Psycholinguistique |
| 650 4# - SUBJECT ADDED ENTRY--TOPICAL TERM | |
| Topical term or geographic name entry element | Evaluation |
| 650 4# - SUBJECT ADDED ENTRY--TOPICAL TERM | |
| Topical term or geographic name entry element | Méthodologie |
| 650 4# - SUBJECT ADDED ENTRY--TOPICAL TERM | |
| Topical term or geographic name entry element | Didactique |
| 650 4# - SUBJECT ADDED ENTRY--TOPICAL TERM | |
| Topical term or geographic name entry element | Sciences de l'éducation |
| 942 ## - ADDED ENTRY ELEMENTS (KOHA) | |
| Koha item type | Books |
| Withdrawn status | Lost status | Source of classification or shelving scheme | Damaged status | Not for loan | Home library | Current library | Shelving location | Date acquired | Source of acquisition | Cost, normal purchase price | Total Checkouts | Full call number | Barcode | Date last seen | Copy number | Price effective from | Koha item type |
|---|---|---|---|---|---|---|---|---|---|---|---|---|---|---|---|---|---|
| Dewey Decimal Classification | مكتبة دار المعلمين و المعلمات - زحلة | مكتبة دار المعلمين و المعلمات - زحلة | Salle de Lecture | 04/30/2010 | CRDP | 0.00 | 370.3 DIC | CRZ4428 | 07/27/2016 | 1 | 07/27/2016 | Books |